| 000 | 01065nam0a22002651 4500 | ||
|---|---|---|---|
| 001 | rc\2775852 | ||
| 005 | 20250806204803.0 | ||
| 035 | _a(NLR Aleph) 006902142 | ||
| 090 |
_a31161 _c31161 |
||
| 100 | _a20110915d1941 u y0rusy50 ca | ||
| 101 | 0 | _arus | |
| 102 | _aRU | ||
| 105 | _aa z ||||| | ||
| 200 | 1 |
_aКалендарь всесоюзных и московских спортивно-массовых мероприятий на 1941 год _fКом. по делам физкультуры и спорта при Мосгорисполкоме |
|
| 210 |
_aМосква _cФизкультура и спорт _d1941 |
||
| 215 |
_a40 с. _cил. _d15 см. |
||
| 300 | _aБез тит. л. Описано по обл. | ||
| 710 | 0 | 2 | _aМосковский гор. комитет по физической культуре и спорту |
| 801 | 0 |
_aRU _bNLR _gpsbo |
|
| 801 | 1 |
_aRU _bELAR _2rusmarc |
|
| 852 |
_aNLR _jФк02 Г-2/66 |
||
| 942 | _cBOOK | ||
| 945 | _aРоссийская национальная библиотека | ||
| 980 | _aNB | ||
| 980 | _aBV | ||